|
|
|
|
| LEADER |
00000nam#a22000001a#4500 |
| 001 |
00031604 |
| 003 |
AR-BaUAD |
| 005 |
20230908142214.0 |
| 008 |
071030s2003####ag#ao||##||||||||#||spa|d |
| 020 |
|
|
|a 987209330X
|
| 040 |
|
|
|a AR-BaUAD
|b spa
|c AR-BaUAD
|
| 041 |
|
|
|a spa
|
| 044 |
|
|
|c ar
|2 ISO3166-1
|
| 080 |
|
|
|a 791.43:050
|x (82)
|
| 080 |
|
|
|a 791.43
|x (82)
|x (09)
|
| 245 |
0 |
0 |
|a PAGINAS de cine /
|c Clara Kriger (directora) ; autores Silvana Spadeccini ... [et al.]
|
| 260 |
|
|
|a [Buenos Aires] :
|b Archivo General de la Nación ; Gobierno de la Ciudad de Buenos Aires, Secretaría de Cultura, Dirección General de Museos de Buenos Aires, Museo del Cine Pablo Ducrós Hicken,
|c [2003]
|
| 300 |
|
|
|a 207 p. :
|b il., fot.
|
| 500 |
|
|
|a Relevamiento de publicaciones periódicas sobre cine argentino desde el período del cine mudo.
|
| 653 |
|
|
|a CINE
|
| 653 |
|
|
|a HISTORIA
|
| 653 |
|
|
|a REVISTAS
|
| 653 |
|
|
|a INVESTIGACION
|
| 653 |
|
|
|a INDUSTRIA CINEMATOGRAFICA
|
| 653 |
|
|
|a ARGENTINA
|
| 653 |
|
|
|a SIGLO XX
|
| 655 |
|
|
|a TEXTO
|
| 852 |
|
|
|c 132-5
|
| 952 |
|
|
|0 0
|1 0
|4 0
|6 1325
|7 0
|9 38907
|a AR-BaUAD
|b AR-BaUAD
|d 0000-00-00
|e donac. Min. de Cultura (GCBA)
|g 30.00
|i 31604
|l 0
|o 132-5
|p khrz331604
|r 2023-09-08 14:22:14
|w 2023-09-08
|y BK
|
| 952 |
|
|
|0 0
|1 0
|4 0
|7 0
|9 38908
|a AR-BaUAD
|b AR-BaUAD
|d 2023-09-08
|i 31605
|l 0
|p 5yojq31605
|r 2023-09-08 14:22:14
|w 2023-09-08
|y BK
|
| 990 |
|
|
|a Ej. No1 : 31604 . 12/10/2007 -- donac. Min. de Cultura (GCBA) -- (30 pesos).
|b ADM
|
| 990 |
|
|
|a Ej. No2 : 31605 .
|b ADM
|
| 990 |
|
|
|a C200
|b TD
|
| 990 |
|
|
|a AAQ00031604
|b CC
|
| 998 |
|
|
|a AAQ
|b Bibun 76
|
| 942 |
|
|
|c BK
|
| 999 |
|
|
|c 19776
|d 19776
|